The seductive mirror /

Saved in:
Bibliographic Details
Main Author: Mosley, Leonard, 1913-1992
Format: Book
Language:English
Published: London : Barker, 1958.
LEADER 00724nam a2200205 a 4500
001 c000091184
003 CARM
005 20070813134530.0
008 930730s1958 enk 00011 eng d
019 1 |a 10251994  |5 LACONCORD2021 
035 |a (OCoLC)36208656  |5 LACONCORD2021 
040 |a VLINC  |c VLINC 
100 1 |a Mosley, Leonard,  |d 1913-1992. 
245 1 4 |a The seductive mirror /  |c Leonard Mosley. 
260 |a London :  |b Barker,  |c 1958. 
300 |a 190 p. ;  |c 19 cm. 
852 8 |b CARM  |h A2:AB25G0  |i A01296  |p 0118912  |f BK 
082 0 4 |a 823.914  |2 20 
999 f f |i 99ac182f-dac3-5825-8e33-64b27974d424  |s eac716e4-b4c5-5b39-b29a-e6c207917c83 
952 f f |p Can circulate  |a CAVAL  |b CAVAL  |c CAVAL  |d CARM 1 Store  |e A01296  |f A2:AB25G0  |h Other scheme  |i book  |m 0118912